[Event "Weekend Accademia Primavera"]
[Site "Roma ITA"]
[Date "2011.04.01"]
[Round "1"]
[White "Bolla, Vittorio"]
[Black "Chiaretti, Roberto"]
[Result "0-1"]
[WhiteElo "1782"]
[BlackElo "2214"]
[PlyCount "86"]
[EventDate "2011.04.01"]

1. e4 e6 2. d4 d5 3. Nd2 dxe4 4. Nxe4 Nd7 5. Nf3 Ngf6 6. Bd3 Nxe4 7. Bxe4 Nf6
8. Bd3 c5 9. O-O cxd4 10. Nxd4 Be7 11. Bb5+ Bd7 12. Qe2 Bxb5 13. Qxb5+ Qd7 14.
Qxd7+ Nxd7 15. Be3 O-O 16. Rfd1 Nf6 17. f3 Rfc8 18. c3 Nd5 19. Bd2 Bc5 20. Kf1
Bxd4 21. cxd4 Rc2 22. Rab1 Kf8 23. Ke1 Rc4 24. a3 Ke8 25. Bc1 Rac8 26. Kf2 Kd7
27. Kg3 Rc2 28. Bd2 R8c4 29. Bc1 Re2 30. h3 Rcc2 31. Rg1 Kc6 32. f4 Ne7 33. Kg4
Rxg2+ 34. Rxg2 Rxg2+ 35. Kf3 Rh2 36. Kg3 Rh1 37. Kg2 Rd1 38. b4 Kd5 39. Kf3 Kc4
40. Ke2 Rh1 41. Ra1 Nd5 42. h4 Kb3 43. Kf3 Kc2 0-1

[Event "Weekend Accademia Primavera"]
[Site "Roma ITA"]
[Date "2011.04.01"]
[Round "1"]
[White "Capparelli, Stefano"]
[Black "Castellano, Lorenzo"]
[Result "1/2-1/2"]
[WhiteElo "1473"]
[BlackElo "1874"]
[PlyCount "120"]
[EventDate "2011.04.01"]

1. e4 c5 2. Nf3 d6 3. d3 Nc6 4. c3 Bg4 5. g3 Qd7 6. Bg2 Bh3 7. O-O Bxg2 8. Kxg2
h6 9. Re1 e5 10. Be3 Nf6 11. Qc2 Rc8 12. Nbd2 Ng4 13. Nb3 Nxe3+ 14. fxe3 g6 15.
d4 c4 16. Nbd2 b5 17. dxe5 dxe5 18. Rad1 Qc7 19. a4 a6 20. axb5 axb5 21. b3
cxb3 22. Qxb3 Rb8 23. Qd5 Bg7 24. Qc5 Qb6 25. Nb3 Bf8 26. Qxb6 Rxb6 27. Rd5 f6
28. Nh4 Kf7 29. Rd7+ Be7 30. Red1 Rd8 31. Rxd8 Nxd8 32. Rd7 Rc6 33. Rd3 Ne6 34.
Kf3 Ng5+ 35. Ke2 Nxe4 36. Na5 Rxc3 37. Rxc3 Nxc3+ 38. Kd3 b4 39. Nc6 Bf8 40.
Nd8+ Ke8 41. Nxg6 Kxd8 42. Nxf8 Ke7 43. Ng6+ Kf7 44. Nh4 f5 45. Nxf5 Kg6 46.
Ne7+ Kf6 47. Nc6 Nd1 48. Nxb4 Nf2+ 49. Ke2 Ne4 50. Nd5+ Kg5 51. Ne7 h5 52. Nc6
Kf5 53. Nb4 Ng5 54. Nd3 Ke4 55. Nf2+ Kf5 56. h4 Ne6 57. e4+ Kg6 58. Ke3 Nd4 59.
Nd3 Kf6 60. Nf2 Nc2+ 1/2-1/2

[Event "Weekend Accademia Primavera"]
[Site "Roma ITA"]
[Date "2011.04.01"]
[Round "1"]
[White "Carola, Paolo"]
[Black "Tulli, Cesare"]
[Result "1-0"]
[WhiteElo "1882"]
[BlackElo "1479"]
[PlyCount "107"]
[EventDate "2011.04.01"]

1. e4 e5 2. Nf3 Nc6 3. Bb5 d6 4. O-O Bd7 5. c3 Nf6 6. Re1 Be7 7. d4 exd4 8.
cxd4 O-O 9. Nc3 a6 10. Bf1 Re8 11. e5 dxe5 12. dxe5 Nh5 13. Ng5 Bxg5 14. Qxh5
Bxc1 15. Raxc1 Be6 16. Rcd1 Qe7 17. Bd3 g6 18. Qh6 Qf8 19. Qf4 Nb4 20. Bb1 Rad8
21. Ne4 Nd5 22. Rxd5 Bxd5 23. Nf6+ Kh8 24. Nxe8 Qxe8 25. Qf6+ Kg8 26. h4 h5 27.
e6 Bxe6 28. Bxg6 fxg6 29. Rxe6 Rd1+ 30. Kh2 Qf7 31. Qxg6+ Qxg6 32. Rxg6+ Kh7
33. Re6 Rd2 34. f3 Rxb2 35. Re7+ Kg6 36. Rxc7 a5 37. a4 Rb4 38. Kh3 Rxa4 39.
Rxb7 Ra1 40. Rb5 a4 41. Kg3 a3 42. Kf4 a2 43. Rb6+ Kf7 44. Ra6 Rh1 45. Rxa2
Rxh4+ 46. Kg3 Rb4 47. Ra5 Kg6 48. f4 Rb3+ 49. Kh4 Rb1 50. Rg5+ Kf6 51. Rxh5
Rh1+ 52. Kg4 Rxh5 53. Kxh5 Kf5 54. g4+ 1-0

[Event "Weekend Accademia Primavera"]
[Site "Roma ITA"]
[Date "2011.04.01"]
[Round "1"]
[White "Disi, Alessandro"]
[Black "Minikh, Edouard"]
[Result "1/2-1/2"]
[WhiteElo "1528"]
[BlackElo "1923"]
[PlyCount "81"]
[EventDate "2011.04.01"]

1. d4 d5 2. c4 e6 3. Nc3 Nf6 4. Bg5 Be7 5. e3 O-O 6. Nf3 Nbd7 7. cxd5 exd5 8.
Bd3 Re8 9. O-O Nf8 10. Re1 c6 11. Qc2 Ne4 12. Bxe7 Qxe7 13. Nd2 Nd6 14. e4 dxe4
15. Ndxe4 Bf5 16. Re3 Bxe4 17. Bxe4 Nxe4 18. Rxe4 Qd6 19. Rd1 Rxe4 20. Qxe4 Rd8
21. d5 Ng6 22. g3 cxd5 23. Rxd5 Qf8 24. Rxd8 Qxd8 25. Qxb7 a5 26. Kg2 h5 27. a3
Qg5 28. Qe4 h4 29. b4 axb4 30. axb4 f5 31. f4 Qg4 32. Qf3 Kf7 33. Qxg4 fxg4 34.
Kf2 Ke6 35. Ke3 Ne7 36. Ke4 h3 37. b5 Nf5 38. Ne2 Nd6+ 39. Kd3 Nxb5 40. Nd4+
Nxd4 41. Kxd4 1/2-1/2

[Event "Weekend Accademia Primavera"]
[Site "Roma ITA"]
[Date "2011.04.01"]
[Round "1"]
[White "Gromovs, Sergejs"]
[Black "Maddaloni, Giovanni"]
[Result "1-0"]
[WhiteElo "2308"]
[BlackElo "1827"]
[PlyCount "85"]
[EventDate "2011.04.01"]

1. d4 Nf6 2. Nf3 e6 3. c4 Bb4+ 4. Nbd2 b6 5. g3 Bb7 6. Bg2 O-O 7. O-O a5 8. a3
Be7 9. Qc2 d5 10. Ne5 c5 11. dxc5 bxc5 12. b3 Ra7 13. e3 Nc6 14. Nxc6 Bxc6 15.
Bb2 Qa8 16. a4 Rd8 17. cxd5 Bxd5 18. e4 Bc6 19. Rfe1 Rad7 20. Nc4 Qa6 21. Bc3
Ba8 22. Bxa5 Rb8 23. Bc3 Bf8 24. a5 Rbd8 25. Nb6 Qd3 26. Qxd3 Rxd3 27. Bxf6
gxf6 28. Nxa8 Rxa8 29. e5 Ra7 30. exf6 Rxb3 31. Rec1 h6 32. a6 Rb4 33. Bb7 Kh7
34. Ra3 Kg6 35. Rf3 h5 36. Rd1 Rd4 37. Re1 Bd6 38. Kg2 e5 39. h4 Kh6 40. Rf5 e4
41. Rg5 Bf8 42. Rg8 Bd6 43. Bxe4 1-0

[Event "Weekend Accademia Primavera"]
[Site "Roma ITA"]
[Date "2011.04.01"]
[Round "1"]
[White "Lisi, Sebastiano"]
[Black "Sacco, Davide"]
[Result "1-0"]
[WhiteElo "1967"]
[BlackElo "1597"]
[PlyCount "27"]
[EventDate "2011.04.01"]

1. e4 c5 2. Nc3 e6 3. f4 a6 4. Nf3 Qc7 5. g3 d6 6. Bg2 Nc6 7. O-O g6 8. d4 cxd4
9. Nxd4 Nge7 10. Be3 e5 11. Ndb5 axb5 12. Nxb5 Qd7 13. Nxd6+ Kd8 14. Bb6+ 1-0

[Event "Weekend Accademia Primavera"]
[Site "Roma ITA"]
[Date "2011.04.01"]
[Round "1"]
[White "Marelli, Emanuele"]
[Black "De Carolis, Massimo"]
[Result "0-1"]
[WhiteElo "1622"]
[BlackElo "1972"]
[PlyCount "108"]
[EventDate "2011.04.01"]

1. d4 Nf6 2. c4 g6 3. Nc3 Bg7 4. Nf3 O-O 5. e4 d6 6. Bd3 e5 7. d5 Nbd7 8. h3
Ne8 9. Be3 f5 10. exf5 gxf5 11. Ng5 Ndf6 12. Ne6 Bxe6 13. dxe6 e4 14. Bc2 Qe7
15. Bb3 c5 16. Qd2 Qxe6 17. Bg5 Nd7 18. Nd5 Ne5 19. O-O Nc6 20. Rfe1 Qg6 21.
Re3 Qxg5 22. Qe2 Nd4 23. Qd1 Be5 24. h4 Qg6 25. Ne7+ Kg7 26. Nxg6 hxg6 27. Rb1
Nf6 28. Bc2 Rh8 29. Rh3 Rh7 30. b4 b6 31. bxc5 dxc5 32. a4 Rd8 33. Kf1 Nc6 34.
Qe2 Nd4 35. Qd1 Nc6 36. Qc1 Rhh8 37. a5 Nxa5 38. Bd1 Rd4 39. Be2 f4 40. f3 e3
41. Qc2 Rd2 42. Qa4 Rhd8 43. Rd1 Nh5 44. Rxd2 Rxd2 45. Qe8 Bf6 46. g4 Ng3+ 47.
Rxg3 fxg3 48. Qxe3 Ra2 49. g5 Bd4 50. Qe7+ Kg8 51. Bd3 g2+ 52. Ke1 g1=Q+ 53.
Bf1 Qf2+ 54. Kd1 Qxf1+ 0-1

[Event "Weekend Accademia Primavera"]
[Site "Roma ITA"]
[Date "2011.04.01"]
[Round "1"]
[White "Maurizio, Antonio"]
[Black "Passeri, Marco"]
[Result "1/2-1/2"]
[WhiteElo "1921"]
[BlackElo "1521"]
[PlyCount "177"]
[EventDate "2011.04.01"]

1. d4 d5 2. Nf3 Nf6 3. c4 c6 4. cxd5 cxd5 5. Nc3 a6 6. Bf4 e6 7. e3 Bd6 8. Bd3
b5 9. Rc1 Bb7 10. Ne5 Ne4 11. Bxe4 dxe4 12. Qg4 O-O 13. Bg5 Be7 14. Bh6 Bf6 15.
Nxe4 Bxe4 16. Qxe4 Qa5+ 17. Kf1 Qd2 18. Re1 Ra7 19. Ng4 Be7 20. Bf4 Rc8 21.
Bxb8 Bb4 22. Ra1 Rxb8 23. Qc6 Raa8 24. Qc1 Qd3+ 25. Kg1 Qe2 26. Qd1 Qxb2 27.
Rb1 Qa3 28. Ne5 Rc8 29. g3 Rc3 30. Kg2 Rac8 31. Qd2 Ba5 32. Rb2 Qd6 33. Qe2
Qd5+ 34. Qf3 Qxf3+ 35. Nxf3 Rc2 36. Rhb1 Rxb2 37. Rxb2 Bc3 38. Rc2 b4 39. Ne5
Rb8 40. Nd3 f6 41. Nc5 Rb6 42. Ne4 Rc6 43. Kf1 Kf8 44. Nxc3 bxc3 45. Ke2 Ke7
46. Kd3 Kd6 47. Rxc3 Rb6 48. h4 h5 49. e4 Rb2 50. Rc2 Rb7 51. Ke3 g6 52. Kf4
Rb4 53. Ke3 a5 54. f3 a4 55. g4 Rb5 56. Rc4 Ra5 57. Kd3 f5 58. gxh5 gxh5 59.
Kc3 Rb5 60. Rb4 Ra5 61. Kc4 Kc6 62. d5+ exd5+ 63. exd5+ Rxd5 64. Rb6+ Kxb6 65.
Kxd5 Kb5 66. a3 f4 67. Kd4 Kb6 68. Ke4 Kc5 69. Kxf4 Kc4 70. Kg5 Kb3 71. f4 Kxa3
72. f5 Kb3 73. f6 a3 74. f7 a2 75. f8=Q a1=Q 76. Qb8+ Kc4 77. Qc7+ Kd5 78. Qf7+
Ke4 79. Qf5+ Ke3 80. Kxh5 Qd1+ 81. Kh6 Qd6+ 82. Qg6 Qf8+ 83. Kh5 Qf3+ 84. Qg4
Qf7+ 85. Kh6 Qf6+ 86. Kh7 Qe7+ 87. Kg6 Qe8+ 88. Kh6 Qh8+ 89. Kg5 1/2-1/2

[Event "Weekend Accademia Primavera"]
[Site "Roma ITA"]
[Date "2011.04.01"]
[Round "1"]
[White "Movileanu, Daniela"]
[Black "Pipitone, Filippo Massimo"]
[Result "1-0"]
[WhiteElo "1940"]
[BlackElo "1577"]
[PlyCount "101"]
[EventDate "2011.04.01"]

1. e4 c5 2. c3 d5 3. exd5 Qxd5 4. d4 Nc6 5. Nf3 Bg4 6. Be2 cxd4 7. cxd4 e6 8.
O-O Nf6 9. Nc3 Qd8 10. Be3 Be7 11. Qa4 O-O 12. Rfd1 a6 13. Ne5 Bxe2 14. Nxe2
Nb4 15. Bd2 Nbd5 16. Rac1 Rc8 17. Ba5 Qe8 18. Qb3 Qb5 19. Qxb5 axb5 20. Bd2 b4
21. b3 Ne4 22. Be1 Bg5 23. Rc4 Be7 24. Rdc1 Nd6 25. Rc5 f6 26. Nd3 Rxc5 27.
dxc5 Ne4 28. f3 Nec3 29. Nxc3 bxc3 30. Bxc3 Nxc3 31. Rxc3 Rc8 32. Kf2 Rc6 33.
b4 Kf7 34. Ke2 e5 35. b5 Rc8 36. Kd2 Ke6 37. a3 f5 38. g3 g5 39. Ke3 h6 40. h3
Kd5 41. Nb4+ Ke6 42. c6 b6 43. Rd3 Bc5+ 44. Ke2 Bd4 45. Nc2 Kd5 46. a4 f4 47.
gxf4 gxf4 48. Rd1 Kc5 49. Nxd4 exd4 50. Kd3 Kd5 51. Re1 1-0

[Event "Weekend Accademia Primavera"]
[Site "Roma ITA"]
[Date "2011.04.01"]
[Round "1"]
[White "Ricci, Stefano"]
[Black "Carnicelli, Valerio"]
[Result "1-0"]
[WhiteElo "1518"]
[BlackElo "1903"]
[PlyCount "45"]
[EventDate "2011.04.01"]

1. e4 e5 2. Nf3 Nc6 3. Bb5 a6 4. Ba4 Nf6 5. O-O Nxe4 6. Re1 Nc5 7. Nxe5 Nxe5 8.
Rxe5+ Be7 9. c3 Nxa4 10. Qxa4 O-O 11. d3 d6 12. Re1 Re8 13. Be3 Bd7 14. Qd1 Bg5
15. Nd2 Bc6 16. Qg4 Bxe3 17. fxe3 Re6 18. Re2 Rg6 19. Qd4 Qd7 20. Rf2 Re8 21.
c4 f5 22. e4 f4 23. Raf1 1-0

[Event "Weekend Accademia Primavera"]
[Site "Roma ITA"]
[Date "2011.04.01"]
[Round "1"]
[White "Romano, Marco Motraz"]
[Black "Milani, Patrizia"]
[Result "1/2-1/2"]
[WhiteElo "1852"]
[BlackElo "1464"]
[PlyCount "80"]
[EventDate "2011.04.01"]

1. e4 c6 2. d4 d5 3. Nc3 Be6 4. e5 Nd7 5. f4 f5 6. Nf3 h6 7. Bd3 g6 8. O-O Bf7
9. Qe1 e6 10. Qg3 Be7 11. Re1 Qc7 12. Bxf5 Nf8 13. Bh3 O-O-O 14. Be3 Kb8 15. a3
h5 16. Ng5 Bxg5 17. fxg5 Ne7 18. Rac1 Ka8 19. Qf2 Nf5 20. Bf4 Nh7 21. Bxf5 gxf5
22. Re3 Qe7 23. h4 Bg6 24. b4 Nf8 25. Qe2 Be8 26. Na4 b5 27. Nc5 Nd7 28. a4
Nxc5 29. bxc5 bxa4 30. Ra3 Rd7 31. Rxa4 Rh7 32. Qa6 Rb7 33. g3 Qc7 34. c4 Rd7
35. cxd5 Rxd5 36. Rd1 Qb8 37. Qd3 Bg6 38. Bd2 Rdd7 39. Ba5 Rb3 40. Qc2 Rb2
1/2-1/2

[Event "Weekend Accademia Primavera"]
[Site "Roma ITA"]
[Date "2011.04.01"]
[Round "1"]
[White "Squicciarini, Simone"]
[Black "Prudenzano, Ruggero"]
[Result "0-1"]
[WhiteElo "1584"]
[BlackElo "1953"]
[PlyCount "142"]
[EventDate "2011.04.01"]

1. d4 c5 2. c3 Nf6 3. Nf3 d5 4. g3 Nc6 5. Bg2 Bg4 6. O-O e6 7. Nbd2 Be7 8. Re1
Qb6 9. Qb3 Qa6 10. Ne5 Bxe2 11. Rxe2 Qxe2 12. Bf1 Qh5 13. Qxb7 O-O 14. Qxc6
cxd4 15. cxd4 Rfc8 16. Qa6 Qd1 17. Nb3 Qc2 18. Qd3 Qc7 19. Bg5 Ne4 20. Rc1 Qd6
21. Bxe7 Qxe7 22. Qb5 Rxc1 23. Nxc1 Rc8 24. Nb3 h5 25. Bd3 Ng5 26. Qd7 Nf3+ 27.
Kh1 Qxd7 28. Nxd7 f6 29. Be2 Ne1 30. Ndc5 e5 31. dxe5 fxe5 32. Ba6 Rf8 33. Kg1
Nf3+ 34. Kg2 e4 35. Bb7 Rf5 36. Ne6 Ne1+ 37. Kf1 Nd3 38. Nf4 Nxf4 39. gxf4 Rxf4
40. Bxd5+ Kf8 41. Ke2 Rh4 42. Ke3 Rxh2 43. Bxe4 g5 44. Nd4 Rh3+ 45. Ke2 g4 46.
Ne6+ Ke7 47. Nf4 Rh2 48. Kf1 h4 49. Kg1 g3 50. Bg2 Kd6 51. b4 Ke5 52. Ne2 h3
53. Bb7 Rxf2 54. Nxg3 Rxa2 55. b5 Rb2 56. Bc6 Kd6 57. Ne4+ Kc7 58. Nc3 a5 59.
Na4 Rb4 60. Nc3 Rc4 61. Nd5+ Kd6 62. Nb6 Rb4 63. Nc8+ Kc5 64. Kh2 a4 65. Bd7 a3
66. Be6 Rxb5 67. Kxh3 Rb7 68. Kg3 Rc7 69. Nb6 Kxb6 70. Kf3 Kc5 71. Ke3 Re7 0-1

[Event "Weekend Accademia Primavera"]
[Site "Roma ITA"]
[Date "2011.04.01"]
[Round "2"]
[White "Carnicelli, Valerio"]
[Black "Pica, Livia"]
[Result "1-0"]
[WhiteElo "1903"]
[BlackElo "1695"]
[PlyCount "49"]
[EventDate "2011.04.01"]

1. e4 e5 2. Nf3 Nc6 3. Bc4 Bc5 4. b4 Bxb4 5. c3 Ba5 6. d4 exd4 7. Qb3 Qe7 8.
O-O Nf6 9. Ba3 d6 10. Re1 Ng4 11. h3 Nge5 12. Nxe5 Nxe5 13. Qa4+ Nc6 14. Bd5
Bd7 15. Bxc6 Bxc6 16. Qxa5 dxc3 17. Nxc3 O-O 18. Nd5 Bxd5 19. exd5 Qd7 20. Rac1
b6 21. Qc3 Rac8 22. Bb2 f6 23. Re6 c5 24. Qg3 Rcd8 25. Re7 1-0

[Event "Weekend Accademia Primavera"]
[Site "Roma ITA"]
[Date "2011.04.01"]
[Round "2"]
[White "Castellano, Lorenzo"]
[Black "Disi, Alessandro"]
[Result "1-0"]
[WhiteElo "1874"]
[BlackElo "1528"]
[PlyCount "55"]
[EventDate "2011.04.01"]

1. e4 e5 2. Nf3 Nc6 3. d4 exd4 4. Nxd4 Qf6 5. Be3 Bc5 6. c3 Nge7 7. Bc4 O-O 8.
O-O d6 9. Qd2 Nxd4 10. cxd4 Bb6 11. Nc3 Nc6 12. Rad1 Ba5 13. a3 Bxc3 14. bxc3
Na5 15. Bd3 Bd7 16. Bg5 Qe6 17. f4 Ba4 18. f5 Qd7 19. Rde1 Bb5 20. f6 Bxd3 21.
Qxd3 g6 22. Qg3 Nc4 23. Qh4 h5 24. Bh6 Nxa3 25. h3 Rfe8 26. Bg7 Qb5 27. Rf5
gxf5 28. Qxh5 1-0

[Event "Weekend Accademia Primavera"]
[Site "Roma ITA"]
[Date "2011.04.01"]
[Round "2"]
[White "Chiaretti, Roberto"]
[Black "Lisi, Sebastiano"]
[Result "1-0"]
[WhiteElo "2214"]
[BlackElo "1967"]
[PlyCount "91"]
[EventDate "2011.04.01"]

1. d4 d5 2. c4 c6 3. Nf3 Nf6 4. e3 e6 5. Nbd2 Bd6 6. b3 O-O 7. Bb2 c5 8. Bd3 b6
9. O-O Bb7 10. Ne5 Nbd7 11. f4 Ne4 12. Bxe4 dxe4 13. Nxd7 Qxd7 14. f5 exf5 15.
d5 Rae8 16. Qh5 g6 17. Qg5 Be5 18. Bxe5 Rxe5 19. Rad1 Qe7 20. Qxe7 Rxe7 21. Nb1
Rd8 22. Nc3 Re5 23. Rc1 a6 24. Rfd1 Rd6 25. Rc2 Bc8 26. a3 Bd7 27. b4 g5 28.
bxc5 bxc5 29. Rb2 f4 30. Rb7 Bg4 31. Re1 f3 32. h3 Bh5 33. g3 f5 34. Kf2 Re8
35. Reb1 f4 36. Rb8 fxg3+ 37. Kxg3 Rdd8 38. Rxd8 Rxd8 39. Rb7 Bg6 40. Na4 Rf8
41. Kf2 h5 42. Nxc5 g4 43. hxg4 hxg4 44. Rb2 Rc8 45. Nd7 Bf5 46. Ne5 1-0

[Event "Weekend Accademia Primavera"]
[Site "Roma ITA"]
[Date "2011.04.01"]
[Round "2"]
[White "Covello, Danilo"]
[Black "Quimi, Marco"]
[Result "0-1"]
[WhiteElo "1455"]
[BlackElo "2140"]
[PlyCount "72"]
[EventDate "2011.04.01"]

1. d4 Nf6 2. Nf3 d5 3. e3 Bf5 4. c4 e6 5. Nc3 c6 6. a3 Nbd7 7. cxd5 exd5 8. Ne2
Bd6 9. Ng3 Bg6 10. Bd3 Ne4 11. Qc2 Qe7 12. O-O O-O 13. Nd2 Rae8 14. Ndxe4 dxe4
15. Bc4 Qh4 16. Bd2 Nf6 17. Be2 h5 18. Rfe1 Qg5 19. Qd1 h4 20. Nf1 Nd5 21. f4
exf3 22. Bxf3 Be4 23. Bxe4 Rxe4 24. Qf3 Rfe8 25. Re2 Qg6 26. Rae1 Qe6 27. Bc1
Nf4 28. Rd2 Qc4 29. Rf2 Nd3 30. Nd2 Nxe1 31. Nxc4 Nxf3+ 32. gxf3 R4e6 33. b4
Bc7 34. Kf1 b5 35. Nb2 Rxe3 36. Bxe3 Rxe3 0-1

[Event "Weekend Accademia Primavera"]
[Site "Roma ITA"]
[Date "2011.04.01"]
[Round "2"]
[White "De Carolis, Massimo"]
[Black "Barletta, Antonio"]
[Result "0-1"]
[WhiteElo "1972"]
[BlackElo "2015"]
[PlyCount "54"]
[EventDate "2011.04.01"]

1. d4 Nc6 2. Nf3 d5 3. e3 Bg4 4. Be2 e6 5. O-O Bd6 6. Nbd2 Nf6 7. b3 O-O 8. Bb2
Ne4 9. c4 f5 10. Ne5 Bxe2 11. Qxe2 Nxe5 12. dxe5 Bb4 13. Nf3 c6 14. Nd4 Qe7 15.
f4 Rad8 16. Rfd1 dxc4 17. Qxc4 Rd5 18. Rd3 Rfd8 19. Rad1 Bc5 20. Qc1 Bxd4 21.
Rxd4 Rxd4 22. exd4 Qh4 23. g3 Qg4 24. Rf1 Qe2 25. Re1 Qf2+ 26. Kh1 Qf3+ 27. Kg1
Nf2 0-1

[Event "Weekend Accademia Primavera"]
[Site "Roma ITA"]
[Date "2011.04.01"]
[Round "2"]
[White "Di Carlo, Adriano"]
[Black "Squicciarini, Simone"]
[Result "1-0"]
[WhiteElo "1749"]
[BlackElo "1584"]
[PlyCount "87"]
[EventDate "2011.04.01"]

1. e4 d6 2. d4 Nf6 3. Bd3 g6 4. Nf3 Bg7 5. c3 c6 6. O-O O-O 7. h3 Nbd7 8. Be3
e5 9. Qd2 Qc7 10. Bh6 Rd8 11. Bxg7 Kxg7 12. Qe3 c5 13. d5 c4 14. Bc2 b5 15. a4
Ba6 16. axb5 Bxb5 17. Na3 Rdb8 18. Nxb5 Rxb5 19. Ba4 Rxb2 20. Bc6 Rd8 21. Nd2
Nb6 22. f4 Qe7 23. fxe5 Qxe5 24. Rxa7 Nfd7 25. Nf3 Qg3 26. Qd4+ Kg8 27. Nd2 Ne5
28. Rf2 Nbd7 29. Bxd7 Rxd7 30. Rxd7 Nxd7 31. Nxc4 Rb1+ 32. Rf1 Rxf1+ 33. Kxf1
Qf4+ 34. Ke2 Nc5 35. Nd2 Qg3 36. Kf1 Nd3 37. Nf3 Nf4 38. Qf2 Nh5 39. e5 dxe5
40. d6 Qf4 41. d7 Qc4+ 42. Kg1 Qc7 43. Nxe5 f6 44. Qd4 1-0

[Event "Weekend Accademia Primavera"]
[Site "Roma ITA"]
[Date "2011.04.01"]
[Round "2"]
[White "Fargnoli, Maurizio"]
[Black "Tosi, Francesco"]
[Result "0-1"]
[WhiteElo "1694"]
[BlackElo "1874"]
[PlyCount "111"]
[EventDate "2011.04.01"]

1. e4 c6 2. d4 d5 3. e5 Bf5 4. Bd3 Bxd3 5. Qxd3 Qa5+ 6. Bd2 Qa6 7. f4 Qxd3 8.
cxd3 e6 9. b4 Na6 10. a3 h5 11. Nf3 Nh6 12. Nc3 Rc8 13. O-O Be7 14. b5 Nb8 15.
a4 Nf5 16. Rfc1 Kd7 17. Ne2 h4 18. Rab1 b6 19. Bb4 Nxd4 20. Nexd4 c5 21. Ba3
cxd4 22. Bxe7 Kxe7 23. Nxd4 g6 24. g4 hxg3 25. hxg3 Kd7 26. Kg2 Rc5 27. Nb3
Rxc1 28. Rxc1 g5 29. Nd4 gxf4 30. gxf4 f6 31. f5 exf5 32. exf6 a6 33. Re1 axb5
34. Re7+ Kd6 35. Nxb5+ Kc5 36. f7 Rf8 37. d4+ Kc4 38. Nd6+ Kxd4 39. Rb7 Nc6 40.
Nxf5+ Ke5 41. Rxb6 Rxf7 42. Rxc6 Kxf5 43. Kf3 Ra7 44. Rc5 Ke5 45. a5 Kd4 46.
Rb5 Kc4 47. Rb8 Rxa5 48. Ke3 Ra3+ 49. Kd2 Rg3 50. Ra8 Rg2+ 51. Kd1 d4 52. Ra4+
Kd3 53. Ra3+ Ke4 54. Ra4 Ke3 55. Ra8 Rg1+ 56. Kc2 0-1

[Event "Weekend Accademia Primavera"]
[Site "Roma ITA"]
[Date "2011.04.01"]
[Round "2"]
[White "Maddaloni, Giovanni"]
[Black "Marelli, Emanuele"]
[Result "1-0"]
[WhiteElo "1827"]
[BlackElo "1622"]
[PlyCount "84"]
[EventDate "2011.04.01"]

1. e4 c5 2. Nf3 d6 3. Bb5+ Bd7 4. Bxd7+ Qxd7 5. O-O Nf6 6. Re1 Nc6 7. c3 e5 8.
d3 Be7 9. Nbd2 b5 10. Nf1 O-O 11. h3 b4 12. Ne3 bxc3 13. bxc3 Rab8 14. Qc2 Rfd8
15. Nc4 Qc7 16. Bg5 h6 17. Bxf6 Bxf6 18. Ne3 Be7 19. Nd5 Qd7 20. Rab1 Bf8 21.
Nd2 Ne7 22. Nc4 Nxd5 23. exd5 f5 24. Na5 Qf7 25. c4 Qg6 26. Nc6 Rxb1 27. Rxb1
Rd7 28. Rb8 Qf6 29. Qb2 Kh7 30. a4 g5 31. a5 Bg7 32. a6 e4 33. Qxf6 Bxf6 34.
dxe4 fxe4 35. Rb7 Rg7 36. Rxa7 Rxa7 37. Nxa7 Bd8 38. Nc6 Bb6 39. a7 Bxa7 40.
Nxa7 Kg6 41. Nc8 Kf5 42. Nxd6+ Ke5 1-0

[Event "Weekend Accademia Primavera"]
[Site "Roma ITA"]
[Date "2011.04.01"]
[Round "2"]
[White "Milani, Patrizia"]
[Black "Maurizio, Antonio"]
[Result "0-1"]
[WhiteElo "1464"]
[BlackElo "1921"]
[PlyCount "58"]
[EventDate "2011.04.01"]

1. d4 e6 2. Nf3 d5 3. c4 Nf6 4. e3 c5 5. Nc3 Nc6 6. Be2 cxd4 7. Nxd4 Be7 8. O-O
O-O 9. cxd5 exd5 10. Nf3 Bf5 11. a3 Rc8 12. Bd3 Ne4 13. Bxe4 Bxe4 14. Nd4 Ne5
15. f4 Nd3 16. Qg4 Bc5 17. f5 Bxd4 18. exd4 Qf6 19. Bg5 Qxd4+ 20. Kh1 f6 21.
Bh4 Ne5 22. Qf4 Rc4 23. Nxe4 Qxe4 24. Qxe4 Rxe4 25. Be1 Rc8 26. Rd1 d4 27. b4
Rc2 28. a4 d3 29. Bd2 Re2 0-1

[Event "Weekend Accademia Primavera"]
[Site "Roma ITA"]
[Date "2011.04.01"]
[Round "2"]
[White "Minikh, Edouard"]
[Black "Capparelli, Stefano"]
[Result "1-0"]
[WhiteElo "1923"]
[BlackElo "1473"]
[PlyCount "103"]
[EventDate "2011.04.01"]

1. e4 d6 2. d4 Nf6 3. Nc3 g6 4. f4 Bg7 5. Nf3 O-O 6. e5 dxe5 7. fxe5 Nd5 8. Ne4
Bf5 9. Ng3 Bg4 10. h3 Bd7 11. Bc4 c6 12. O-O b5 13. Bb3 a5 14. c3 a4 15. Bxd5
cxd5 16. Bg5 f6 17. Bf4 Nc6 18. Re1 fxe5 19. Bxe5 Nxe5 20. Nxe5 Qc7 21. a3 Bf5
22. Qe2 Rab8 23. Nxf5 Rxf5 24. Nd3 Bf6 25. Nb4 Bh4 26. Nxd5 Rxd5 27. Qe6+ Kg7
28. Qxd5 Bxe1 29. Rxe1 Qd6 30. Qxd6 exd6 31. Re7+ Kh6 32. Rd7 Rb6 33. Kf2 g5
34. Kf3 Kg6 35. Ke4 h5 36. Kd5 Kf5 37. g3 h4 38. gxh4 gxh4 39. Rg7 Rb8 40. Kxd6
Re8 41. Rf7+ Kg5 42. Re7 Rf8 43. Rg7+ Kh6 44. Rg4 Kh5 45. Rg2 Rf3 46. Rh2 Kg5
47. Kc6 Kf4 48. d5 Kg3 49. Rd2 Kxh3 50. d6 Rf6 51. Kxb5 Kg3 52. d7 1-0

[Event "Weekend Accademia Primavera"]
[Site "Roma ITA"]
[Date "2011.04.01"]
[Round "2"]
[White "Passeri, Marco"]
[Black "Romano, Marco Motraz"]
[Result "1/2-1/2"]
[WhiteElo "1521"]
[BlackElo "1852"]
[PlyCount "49"]
[EventDate "2011.04.01"]

1. d4 Nf6 2. c4 g6 3. Nc3 Bg7 4. e4 d6 5. Nge2 O-O 6. Ng3 Nbd7 7. Be2 e5 8. d5
h6 9. Be3 Kh7 10. h4 Ng8 11. h5 a5 12. Qd2 Nc5 13. O-O-O g5 14. Nf5 Bxf5 15.
exf5 Qf6 16. Rdg1 a4 17. f3 a3 18. b3 e4 19. Kc2 exf3 20. Bxf3 Qxf5+ 21. Kd1
Rfe8 22. Bd4 Nf6 23. Re1 Qd3 24. Qxd3+ Nxd3 25. Nb5 1/2-1/2

[Event "Weekend Accademia Primavera"]
[Site "Roma ITA"]
[Date "2011.04.01"]
[Round "2"]
[White "Pipitone, Filippo Massimo"]
[Black "Bolla, Vittorio"]
[Result "1-0"]
[WhiteElo "1577"]
[BlackElo "1782"]
[PlyCount "55"]
[EventDate "2011.04.01"]

1. d4 Nf6 2. Nf3 d5 3. e3 e6 4. Bd3 c5 5. b3 Nc6 6. Bb2 Bd6 7. O-O O-O 8. Ne5
Nb4 9. Be2 Qc7 10. f4 cxd4 11. c3 dxc3 12. Bxc3 Ne4 13. Bxb4 Bxb4 14. Qd4 Bc5
15. Qd3 Qb6 16. Rf3 Qb4 17. Kf1 f6 18. a3 Qb6 19. Ng4 Qc6 20. Nd2 e5 21. Rh3
exf4 22. exf4 Bf5 23. Nxe4 Bxe4 24. Qg3 Kh8 25. Re1 Qd6 26. b4 Bd4 27. Rd1 Rad8
28. Rxd4 1-0

[Event "Weekend Accademia Primavera"]
[Site "Roma ITA"]
[Date "2011.04.01"]
[Round "2"]
[White "Prudenzano, Ruggero"]
[Black "Gromovs, Sergejs"]
[Result "0-1"]
[WhiteElo "1953"]
[BlackElo "2308"]
[PlyCount "110"]
[EventDate "2011.04.01"]

1. d4 d5 2. c4 c6 3. Nf3 Nf6 4. Nc3 e6 5. cxd5 exd5 6. Bg5 Be7 7. e3 O-O 8. Qc2
Re8 9. Bd3 Ne4 10. Bxe7 Qxe7 11. O-O Nd7 12. Rab1 Ndf6 13. b4 Nxc3 14. Qxc3 Ne4
15. Bxe4 dxe4 16. Nd2 Bg4 17. Rfe1 Rad8 18. h3 Bc8 19. Nf1 Rd5 20. a4 a6 21.
Rec1 Bd7 22. Ng3 Qh4 23. Qc4 Rg5 24. Qe2 f5 25. Rc5 f4 26. Rxg5 Qxg5 27. exf4
Qxf4 28. Qe3 Qf7 29. Rb2 Qc4 30. Qb3 Be6 31. Qxc4 Bxc4 32. Nf5 Rd8 33. Rd2 Kf7
34. Ng3 Re8 35. Nf5 Re6 36. Ne3 Bb3 37. a5 Rd6 38. Kf1 Ba4 39. Ke1 Ke6 40. Nc4
Rd8 41. Na3 Kd5 42. Ke2 b6 43. Ke3 bxa5 44. bxa5 Rb8 45. Nc2 Rb2 46. Ne1 Rxd2
47. Kxd2 Kxd4 48. f4 c5 49. g4 e3+ 50. Ke2 Ke4 51. f5 Bb5+ 52. Kd1 Kf4 53. Ng2+
Kf3 54. Ne1+ Kf2 55. Kc1 Kxe1 0-1

[Event "Weekend Accademia Primavera"]
[Site "Roma ITA"]
[Date "2011.04.01"]
[Round "2"]
[White "Ricci, Stefano"]
[Black "Carola, Paolo"]
[Result "1/2-1/2"]
[WhiteElo "1518"]
[BlackElo "1882"]
[PlyCount "68"]
[EventDate "2011.04.01"]

1. e4 e5 2. Nf3 Nf6 3. Nxe5 d6 4. Nf3 Nxe4 5. d4 d5 6. Bd3 Nc6 7. O-O Be7 8. c4
Nf6 9. Nc3 O-O 10. cxd5 Nxd5 11. Nxd5 Qxd5 12. Re1 Bf6 13. Be4 Qh5 14. Bxc6
bxc6 15. Ne5 Qxd1 16. Rxd1 c5 17. Nc6 cxd4 18. Nxd4 Re8 19. Be3 Rb8 20. Rd2 a6
21. Nc6 Rxb2 22. Rxb2 Bxb2 23. Rb1 Ba3 24. Rb3 Bd6 25. Nd4 f6 26. h4 Kf7 27. h5
h6 28. f3 Re5 29. Nc6 Rb5 30. Rc3 Bd7 31. Bd4 Rxh5 32. g4 Rd5 33. Nb8 Be5 34.
Rc2 Bxd4+ 1/2-1/2